[Event "Budapest Spring op 30th"]
[Site "Budapest"]
[Date "2014.03.16"]
[Round "3"]
[White "Nguyen, Thi Mai Hung"]
[Black "Bitran, Daniel"]
[Result "1-0"]
[WhiteElo "2261"]
[BlackElo "2133"]
[PlyCount "63"]
[EventDate "2014.03.14"]
[EventType "swiss"]
[EventRounds "9"]
[EventCountry "HUN"]
[SourceTitle "CBM 159 Extra"]
[Source "ChessBase"]
[SourceDate "2014.04.24"]
[SourceVersion "1"]
[SourceVersionDate "2014.04.24"]
[SourceQuality "1"]

1. d4 Nf6 2. Nf3 c5 3. e3 d5 4. dxc5 Qa5+ 5. Nbd2 Nc6 6. a3 Qxc5 7. b4 Qc3 8. Rb1 Bf5 9. Bb2 Qxc2 10. Qxc2 Bxc2 11. Rc1 Bf5 12. Nb3 Ne4 13. Nfd4 Bd7 14. Nxc6 bxc6 15. Nd4 a5 16. Nxc6 axb4 17. Nxb4 e6 18. Be2 f6 19. Na6 Bd6 20. f3 Ng5 21. Nc7+ Bxc7 22. Rxc7 Kd8 23. Rc1 Rb8 24. Bc3 e5 25. Kf2 Ke7 26. Rhd1 Ke6 27. Bb4 Rhc8 28. e4 Ba4 29. Rxc8 Rxc8 30. Rxd5 Nf7 31. Ra5 Bd7 32. Ra6+ 1-0

[Event "Herzliya op"]
[Site "Herzliya"]
[Date "2008.09.09"]
[Round "6"]
[White "Blass, Uri"]
[Black "Bitran, Daniel"]
[Result "1-0"]
[WhiteElo "2035"]
[BlackElo "2174"]
[PlyCount "113"]
[EventDate "2008.09.02"]
[EventType "swiss"]
[EventRounds "9"]
[EventCountry "ISR"]
[SourceTitle "CBM 126 Extra"]
[Source "ChessBase"]
[SourceDate "2008.11.05"]
[SourceVersion "1"]
[SourceVersionDate "2008.11.05"]
[SourceQuality "1"]

1. b3 Nf6 2. Bb2 g6 3. Nf3 Bg7 4. c4 c5 5. g3 d6 6. Bg2 e5 7. Nc3 Nc6 8. 0-0 0-0 9. Ne1 Re8 10. Nc2 Rb8 11. Ne3 Be6 12. Ned5 Ne7 13. Nxf6+ Bxf6 14. Ne4 Bg7 15. f4 f5 16. Ng5 Bd7 17. Qc2 h6 18. Nf3 Qc7 19. fxe5 dxe5 20. e4 fxe4 21. Qxe4 Bc6 22. Qg4 Bd7 23. Qe4 Bf5 24. Qe3 e4 25. Bxg7 exf3 26. Be5 Nd5 27. Bxc7 Nxe3 28. dxe3 fxg2 29. Rxf5 gxf5 30. Bxb8 Rxb8 31. Kxg2 Rd8 32. Rf1 Re8 33. Kf3 Kf7 34. Rd1 Ke6 35. Rd5 b6 36. Kf4 Kf6 37. Rxf5+ Kg6 38. e4 Rd8 39. Rd5 Rf8+ 40. Ke3 Rf1 41. Rd2 Ra1 42. Rf2 Re1+ 43. Re2 Rf1 44. e5 Kf5 45. Rf2+ Rxf2 46. Kxf2 Kxe5 47. Ke3 a6 48. g4 b5 49. cxb5 axb5 50. a4 c4 51. axb5 cxb3 52. Kd3 Kd5 53. h4 Kc5 54. Kc3 Kxb5 55. g5 hxg5 56. hxg5 Ka4 57. Kb2 1-0

[Event "Herzliya op"]
[Site "Herzliya"]
[Date "2008.09.07"]
[Round "5"]
[White "Bitran, Daniel"]
[Black "Ben Porat, Zeev"]
[Result "1-0"]
[WhiteElo "2174"]
[BlackElo "2008"]
[PlyCount "137"]
[EventDate "2008.09.02"]
[EventType "swiss"]
[EventRounds "9"]
[EventCountry "ISR"]
[SourceTitle "CBM 126 Extra"]
[Source "ChessBase"]
[SourceDate "2008.11.05"]
[SourceVersion "1"]
[SourceVersionDate "2008.11.05"]
[SourceQuality "1"]

1. e4 e6 2. d4 d5 3. Nc3 Nf6 4. Bg5 Bb4 5. e5 h6 6. Bd2 Bxc3 7. bxc3 Ne4 8. Qg4 g6 9. Bd3 Nxd2 10. Kxd2 c5 11. Nf3 c4 12. Be2 Bd7 13. h4 Qe7 14. a4 Nc6 15. Qf4 0-0-0 16. a5 a6 17. g4 Rde8 18. g5 h5 19. Ra2 Rhf8 20. Rha1 Nb8 21. Ne1 Bb5 22. Ng2 Nc6 23. Ne3 Qd8 24. Nf1 Ne7 25. Bf3 Qc7 26. Ng3 Bc6 27. Bg2 Kb8 28. Bh3 Bd7 29. Ke1 Nc6 30. Qc1 Ne7 31. f4 Bb5 32. Qa3 Nf5 33. Bxf5 exf5 34. Kd2 Qe7 35. Qb2 Qd7 36. Re1 Rd8 37. Nf1 Rfe8 38. Ne3 Re6 39. Rb1 Ree8 40. Nd1 Rc8 41. Qa1 Rc6 42. Nb2 Rec8 43. Na4 Bxa4 44. Rxa4 R8c7 45. Rab4 Ka7 46. Rb6 Ka8 47. Qa4 Ka7 48. Qb4 Ka8 49. Qa4 Ka7 50. R1b2 Ka8 51. Kc1 Ka7 52. Qb4 Ka8 53. Qf8+ Rc8 54. Qg7 R8c7 55. Kd2 Ka7 56. Qf8 Rc8 57. Rxb7+ Qxb7 58. Rxb7+ Kxb7 59. Qxf7+ R8c7 60. Qxd5 Re7 61. Qh1 Kc7 62. d5 Rd7 63. d6+ Rcxd6+ 64. exd6+ Rxd6+ 65. Ke3 Kb8 66. Qb1+ Ka7 67. Qb4 Re6+ 68. Kd4 Re4+ 69. Kd5 1-0

[Event "Herzliya op"]
[Site "Herzliya"]
[Date "2008.09.05"]
[Round "4"]
[White "Liasko, Ekaterina"]
[Black "Bitran, Daniel"]
[Result "0-1"]
[WhiteElo "1978"]
[BlackElo "2174"]
[PlyCount "38"]
[EventDate "2008.09.02"]
[EventType "swiss"]
[EventRounds "9"]
[EventCountry "ISR"]
[SourceTitle "CBM 126 Extra"]
[Source "ChessBase"]
[SourceDate "2008.11.05"]
[SourceVersion "1"]
[SourceVersionDate "2008.11.05"]
[SourceQuality "1"]

1. e4 d6 2. d4 Nf6 3. Nd2 g6 4. g3 Bg7 5. Bg2 0-0 6. Ne2 e5 7. c3 Nc6 8. 0-0 Nh5 9. Nf3 Qe8 10. b3 f5 11. dxe5 dxe5 12. exf5 Bxf5 13. Be3 Rd8 14. Qc1 Bg4 15. h3 Bxf3 16. Bxf3 Rxf3 17. g4 Nf4 18. Nxf4 exf4 19. Bxf4 Rxc3 0-1

[Event "Herzliya op"]
[Site "Herzliya"]
[Date "2008.09.02"]
[Round "1"]
[White "Bitran, Daniel"]
[Black "Zoler, Dan"]
[Result "0-1"]
[WhiteElo "2174"]
[BlackElo "2461"]
[PlyCount "74"]
[EventDate "2008.09.02"]
[EventType "swiss"]
[EventRounds "9"]
[EventCountry "ISR"]
[SourceTitle "CBM 126 Extra"]
[Source "ChessBase"]
[SourceDate "2008.11.05"]
[SourceVersion "1"]
[SourceVersionDate "2008.11.05"]
[SourceQuality "1"]

1. e4 c5 2. Nf3 d6 3. d4 cxd4 4. Nxd4 Nf6 5. Nc3 a6 6. Bc4 e6 7. a3 Be7 8. Be3 Qc7 9. Ba2 Nc6 10. Qe2 b5 11. 0-0 0-0 12. Rad1 Bb7 13. Nxc6 Bxc6 14. f3 Qb7 15. Rd2 a5 16. Nd1 b4 17. axb4 axb4 18. Bb3 Bb5 19. Bc4 Bxc4 20. Qxc4 d5 21. exd5 Nxd5 22. Qe4 Qc7 23. Bd4 Bg5 24. Rdf2 Rfd8 25. Be5 Qa7 26. Bd4 Qd7 27. Qg4 Bh6 28. c3 Ra1 29. f4 f5 30. Qe2 Nxf4 31. Rxf4 Bxf4 32. Rxf4 e5 33. Qxe5 Rxd1+ 34. Rf1 Rxf1+ 35. Kxf1 Re8 36. Qc5 Qe6 37. Kf2 Qe2+ 0-1